Introduction to physical chemistry / (Record no. 3971)

MARC details
000 -LEADER
fixed length control field 01006pam a2200289 a 4500
001 - CONTROL NUMBER
control field 2108042
003 - CONTROL NUMBER IDENTIFIER
control field OSt
005 - DATE AND TIME OF LATEST TRANSACTION
control field 20160510185402.0
008 - FIXED-LENGTH DATA ELEMENTS--GENERAL INFORMATION
fixed length control field 961120s1998 nyua 001 0 eng
010 ## - LIBRARY OF CONGRESS CONTROL NUMBER
LC control number 96037799
020 ## - INTERNATIONAL STANDARD BOOK NUMBER
International Standard Book Number 0521578817
040 ## - CATALOGING SOURCE
Original cataloging agency DLC
Transcribing agency DLC
Modifying agency DLC
050 00 - LIBRARY OF CONGRESS CALL NUMBER
Classification number QD453.2
Item number .L33 1998
082 00 - DEWEY DECIMAL CLASSIFICATION NUMBER
Classification number 541
Edition number 21
Item number LAD 1998
100 1# - MAIN ENTRY--PERSONAL NAME
Personal name Ladd, Mark
9 (RLIN) 8695
245 10 - TITLE STATEMENT
Title Introduction to physical chemistry /
Statement of responsibility, etc. Mark Ladd.
250 ## - EDITION STATEMENT
Edition statement 3rd ed.
260 ## - PUBLICATION, DISTRIBUTION, ETC. (IMPRINT)
Place of publication, distribution, etc. New York :
Name of publisher, distributor, etc. Cambridge University Press,
Date of publication, distribution, etc. 1998.
300 ## - PHYSICAL DESCRIPTION
Extent xix, 513 p. :
Other physical details ill. ;
Dimensions 26 cm.
500 ## - GENERAL NOTE
General note Includes index.
650 #0 - SUBJECT ADDED ENTRY--TOPICAL TERM
Topical term or geographic name as entry element Chemistry, Physical and theoretical.
9 (RLIN) 2922
856 42 - ELECTRONIC LOCATION AND ACCESS
Materials specified Publisher description
Uniform Resource Identifier http://www.loc.gov/catdir/description/cam028/96037799.html
856 41 - ELECTRONIC LOCATION AND ACCESS
Materials specified Table of contents
Uniform Resource Identifier http://www.loc.gov/catdir/toc/cam021/96037799.html
906 ## - LOCAL DATA ELEMENT F, LDF (RLIN)
a 7
b cbc
c orignew
d 1
e ocip
f 19
g y-gencatlg
942 ## - ADDED ENTRY ELEMENTS (KOHA)
Source of classification or shelving scheme Dewey Decimal Classification
Koha item type Short Loan
Holdings
Withdrawn status Lost status Source of classification or shelving scheme Damaged status Not for loan Home library Current library Date acquired Inventory number Total Checkouts Full call number Barcode Date last seen Price effective from Koha item type Source of acquisition Total Renewals Date last checked out
    Dewey Decimal Classification     MUST Main Library MUST Main Library 10/05/2016 2000/13524   541 LAD 1998 2016-1747 10/05/2016 10/05/2016 Short Loan      
    Dewey Decimal Classification     MUST Main Library MUST Main Library 11/05/2016 2002/17794   541 LAD 1998 2016-1777 11/05/2016 11/05/2016 Short Loan      
    Dewey Decimal Classification     MUST Main Library MUST Main Library 02/09/2016 08/30733 7 541 LAD 1998 2016-4051 30/09/2024 02/09/2016 Open Shelf   1 10/09/2024